Umsatzstärkste Baumärkte in Deutschland - Statistiken

Allgemein
  • Dieses Quiz wurde 293 mal gespielt
  • Das Durchschnittsergebnis liegt bei 4 aus 9
Antwortstatistiken
Sitz Anzahl der
Filialen (2012)
Umsatz in Mio Euro (2012) Unternehmen % Korrekt
Wermelskirchen (Bergischer Kreis) 344 3,75 Obi
93%
Köln 352 2,44 Toom
73%
Belp (Schweiz) 126 2,73 Bauhaus
66%
Bornheim (Pfalz) 91 2,05 Hornbach
66%
Soltau (Niedersachsen) 671 2,43 Hagebau
65%
St. Wendel (Saarland) 79 1,26 Globus
40%
Dortmund 135 0,96 Hellweg
16%
Lage (Lippe) 307 0,76 EMV-Profi
1%
Karlsruhe 324 0,95 Eurobaustoff
1%
Keine übereinstimmenden Quizze gefunden
Verteilung der Resultate
Anzahl Personen mit jedem Resultat
Perzentil nach korrekt beantworteten Fragen
Ihre Resultats-Entwicklung
Sie haben dieses Quiz noch nicht gespielt